Advanced inorganic chemistry (Record no. 6473)

000 -LEADER
fixed length control field 00498nam a2200205u 4500
001 - CONTROL NUMBER
control field 6473
003 - CONTROL NUMBER IDENTIFIER
control field BD-DhUET
008 - FIXED-LENGTH DATA ELEMENTS--GENERAL INFORMATION
fixed length control field 890901s1965 ii 000 0 eng
040 ## - CATALOGING SOURCE
Original cataloging agency DLC
Transcribing agency DLC
Modifying agency BD-DhUET
082 ## - DEWEY DECIMAL CLASSIFICATION NUMBER
Classification number 546
Item number PRA/1964
100 ## - MAIN ENTRY--PERSONAL NAME
Personal name Prakash, Satya
245 00 - TITLE STATEMENT
Title Advanced inorganic chemistry
250 ## - EDITION STATEMENT
Edition statement 10th ed.
260 ## - PUBLICATION, DISTRIBUTION, ETC. (IMPRINT)
Place of publication, distribution, etc. New Delhi
Name of publisher, distributor, etc. S. Chand
Date of publication, distribution, etc. 1964
300 ## - PHYSICAL DESCRIPTION
Extent ii, 712p.
Other physical details ill.
650 #0 - SUBJECT ADDED ENTRY--TOPICAL TERM
Topical term or geographic name as entry element Chemistry, Inorganic
700 ## - ADDED ENTRY--PERSONAL NAME
Personal name Tuli, G. D.
700 ## - ADDED ENTRY--PERSONAL NAME
Personal name Basu, S. K.
942 ## - ADDED ENTRY ELEMENTS (KOHA)
Koha item type General Book
Holdings
Not for loan Koha date last borrowed Lost status Shelving location Copy number Withdrawn status Koha issues (times borrowed) Koha item type Koha full call number Price effective from Piece designation (barcode) Koha normalized classification for sorting Source of classification or shelving scheme Date acquired Koha date last seen Sublocation or collection (holding branch) Location (home branch) Damaged status
   Circulation section2  General Book546/PRA/19642015-03-1211618546_000000000000000_PRA_1964 2015-03-122016-05-24Central Library, BUETCentral Library, BUET 
 2018-09-22 Circulation section3 2General Book546/PRA/19642015-03-1511619546_000000000000000_PRA_1964 2015-03-152018-09-23Central Library, BUETCentral Library, BUET 
   Circulation section1  General Book546/PRA/19642015-03-169112546_000000000000000_PRA_1964 2015-03-162017-08-06Central Library, BUETCentral Library, BUET